Équipes avec la meilleure différence de buts au Championnat d'Europe - Statistiques

Statistiques générales
  • Ce quiz a été pris 72 fois
  • Le résultat moyen est 9 sur 10
Statistiques - réponses
Différence de buts Équipe % Correct
+37 Espagne
100%
+20 France
100%
+30 Allemagne
99%
+20 Portugal
99%
+16 Angleterre
97%
+19 Italie
97%
+27 Pays-Bas
97%
+3 Belgique
88%
+2 Suède
76%
+1 Pays de Galles
34%
Aucun quiz correspondant
Distribution des résultats
% des personnes avec chaque résultat
Percentile par nombre de réponses
Votre historique - résultats
Vous n’avez pas pris ce quiz